Statystyki dla Geografia Niemiec od A do Z

Kliknij tutaj aby rozwiązać quiz!

Ogólne statystyki

  • Ten quiz został rozwiązany 179 razy
  • Średni wynik to 14 z 23

Statystyki odpowiedzi

-PytanieOdpowiedź% Poprawnych
AJaką nazwę nosi najwyższy w Europie łańcuch górskich rozciągający się między innymi południowych Niemczech?Alpy
94%
BJaką nazwę nosi land w którym znajduję się słynny zamek Neuschwanstein?Bawaria
90%
OJaką nazwę nosi rzeka na pograniczu niemiecko-polskim?Odra
89%
MJaką nazwę nosi miasto będące stolicą Bawarii?Monachium
87%
FW którym Niemieckim mieście znajduje się Europejski Bank Centralny?Frankfurt nad Menem
83%
HDo jakiego państwa możemy szybko pojechać będąc w Akwizgranie?Holandia
81%
ENazwa, którego niemieckiego miasta brzmi tak samo jak czasownik "jeść" w języku niemieckim?Essen
80%
DJaką nazwę nosi zbombardowane 13-14 lutego 1945 przez siły alianckie miasto?Drezno
69%
ŁJaką nazwę nosi rzeka przepływająca przez Hamburg?Łaba
69%
KNazwę którego niemieckiego miasta można kojarzyć z łacińskim określeniem osady rolniczej?Kolonia
66%
NJakie zwierze znajdu się w herbie Berlina?Niedźwiedź
66%
UJaką nazwę nosi wyspa na pograniczu Niemiec i Polski?Uznam
64%
JJaką nazwę nosi półwysep przez który przebiega granica niemiecko-duńska?Jutlandzki
62%
PJaką nazwę nosi niemieckie miasto w którym w 17 lipca 1945 odbyło się spotkanie pomiędzy przywódcami alianckim?Poczdam
59%
SJaką nazwę nosi zrębowe pasmo górskie w południowo-zachodnich Niemczech, którego nazwa tłumaczy się jako "Czarny Las"?Schwarzwald
49%
WRugia, Fehmarn, Sylt to przykład kilku Niemiech....Wyspa
48%
TJaką nazwę nosi land w środkowych Niemczech, którego stolicą jest miasto Erfurcie?Turyngia
43%
RJaką nazwę nosi rzeka nad którą znajduje się wielkie zagłębie przemysłowe Niemiec?Ruhra
42%
LJaką nazwę nosi miasto w którym dorocznie odbywa się impreza Games Convention?Lipsk
41%
IZ którego niemieckiego miasta pochodzi marka samochodów Audi?Ingolstadt
37%
COd jakiego anglojęzycznego imienia wzięło nazwę znane przejście graniczne pomiędzy NRD a Berlinem Zachodnim?Charlie
36%
GJaką nazwę nosi miejscowość w której w 1936 odbyły się Zimowe Igrzyska Olimpijskie?Garmisch-Partenkirchen
32%
ZJaką nazwę nosi najwyższy szczyt Niemiec?Zugspitze
31%

Rozkład punktacji

Percentyl według liczby udzielonych odpowiedzi

Procent ludzi z każdym wynikiem

Twoja historia wyników

Nie rozwiązałeś tego quizu